000 00414nam a22001337a 4500
003 SGT
020 _a9789355620514
082 _a920
_bD22M
100 _aमनोजकांत
245 _aध्येय यात्रा : अखिल भारतीय विद्यार्थी परिषद्
260 _bप्रभात प्रकाशन
_c2022
300 _a390
942 _2ddc
_cBK
999 _c28356
_d28356